000 00475cam a2200181ua 4500
001 6494
005 20260515114047.0
008 131216n ii |||gr||||Z||||||eng
040 _cMAIN
082 _a338.7
245 1 1 _aBusiness organisation and management
_cBy Shanti Mehta
260 _aDelhi:
_bAjanta prakashan,
_c1984.
300 _aviii,209p.
653 _aCommerce
653 _aBusiness organisation and management
700 1 _aMehta,Shanti,
_eAuthor.
942 _cBK
999 _c5638
_d5638